| 000 | 00480aam a2200193 4500 | ||
|---|---|---|---|
| 005 | 20170203122310.0 | ||
| 008 | 150511b xxu||||| |||| 00| 0 spa d | ||
| 041 | _aspa | ||
| 082 | _a322.3 B618c | ||
| 100 |
_aBirnbaum, Norman _937850 |
||
| 245 | _aLa crisis de la sociedad industrial | ||
| 260 | _aArgentina | ||
| 260 | _bAmorrortu Editores | ||
| 260 | _c1968 | ||
| 300 | _a179 páginas | ||
| 650 |
_aSOCIEDAD INDUSTRIAL _937851 |
||
| 650 |
_aINDUSTRIA _92226 |
||
| 942 | _cBK | ||
| 999 |
_c5324 _d5324 |
||